[Event "CZE-chT2C 1617"]
[Site "Czech Republic"]
[Date "2017.03.19"]
[Round "10.7"]
[White "Valtr, Tomas"]
[Black "Kolasin, Jan"]
[Result "0-1"]
[WhiteElo "1939"]
[BlackElo "1986"]
[PlyCount "100"]
[EventDate "2016.10.09"]
[EventType "team-tourn"]
[EventRounds "11"]
[EventCountry "CZE"]
[SourceTitle "EXT 2022"]
[Source "ChessBase"]
[SourceDate "2021.10.06"]
[SourceVersion "1"]
[SourceVersionDate "2021.10.06"]
[SourceQuality "1"]
[WhiteTeam "Lysa nad Labem IV"]
[BlackTeam "Ricany"]
[WhiteTeamCountry "CZE"]
[BlackTeamCountry "CZE"]

1. Nf3 Nf6 2. d4 g6 3. e3 Bg7 4. Bd3 0-0 5. 0-0 d5 6. Nbd2 b6 7. e4 dxe4 8. Nxe4 Bb7 9. Nxf6+ Bxf6 10. c3 Nd7 11. Bf4 c5 12. dxc5 Nxc5 13. Be2 Qc8 14. Qc1 Qf5 15. Nd4 Bxd4 16. cxd4 Ne6 17. Be3 Rac8 18. Qd1 h5 19. Rc1 Rxc1 20. Qxc1 Rc8 21. Qd1 Bd5 22. Bd3 Be4 23. Bxe4 Qxe4 24. Qa4 Rc7 25. h3 Kg7 26. b3 Qd3 27. Qb4 Rd7 28. Re1 Nc7 29. Bf4 Nd5 30. Qd2 Qxd2 31. Bxd2 Rc7 32. Rc1 Rxc1+ 33. Bxc1 Kf6 34. Bb2 Ke6 35. g3 Nb4 36. a3 Nc2 37. Kf1 Kd5 38. h4 Nxd4 39. b4 Kc4 40. Ke1 Nb5 41. Kd2 Kb3 42. Bg7 Kxa3 43. Bf8 Kxb4 44. Bxe7+ Kc4 45. Ke3 a5 46. f3 a4 47. g4 a3 48. Bf6 Nc3 49. Kd2 Nd5 50. Ba1 b5 0-1

[Event "CZE-chT2C 1617"]
[Site "Czech Republic"]
[Date "2016.11.13"]
[Round "3.7"]
[White "Kolasin, Jan"]
[Black "Zikmund, Alexandr"]
[Result "0-1"]
[WhiteElo "1986"]
[BlackElo "1865"]
[PlyCount "72"]
[EventDate "2016.10.09"]
[EventType "team-tourn"]
[EventRounds "11"]
[EventCountry "CZE"]
[SourceTitle "EXT 2022"]
[Source "ChessBase"]
[SourceDate "2021.10.06"]
[SourceVersion "1"]
[SourceVersionDate "2021.10.06"]
[SourceQuality "1"]
[WhiteTeam "Ricany"]
[BlackTeam "Prachatice"]
[WhiteTeamCountry "CZE"]
[BlackTeamCountry "CZE"]

1. e4 c5 2. Nf3 d6 3. d4 cxd4 4. Nxd4 a6 5. Nc3 Nf6 6. f3 e5 7. Nb3 Be6 8. Bg5 Be7 9. Qd2 0-0 10. 0-0-0 Nbd7 11. g4 b5 12. h4 b4 13. Nd5 Bxd5 14. exd5 a5 15. Kb1 Nb6 16. Bxf6 Bxf6 17. g5 Be7 18. Bh3 Qc7 19. Bf5 a4 20. Nc1 Nc4 21. Qd3 g6 22. Be4 a3 23. b3 Nb2 24. Qe3 Nxd1 25. Rxd1 Rac8 26. Qf2 f5 27. gxf6 Rxf6 28. Nd3 Qc3 29. Rg1 Rf4 30. Qg2 Rf6 31. Qh2 Rf7 32. Rg2 Bd8 33. Qg1 Bxh4 34. Bxg6 hxg6 35. Rxg6+ Kf8 36. Rh6 Bf6 0-1

[Event "CZE-chT2C 1516"]
[Site "Czech Republic"]
[Date "2015.11.08"]
[Round "2.7"]
[White "Fencl, Pavel"]
[Black "Kolasin, Jan"]
[Result "1/2-1/2"]
[WhiteElo "2019"]
[BlackElo "1989"]
[PlyCount "106"]
[EventDate "2015.10.18"]
[EventType "team-tourn"]
[EventRounds "11"]
[EventCountry "CZE"]
[SourceTitle "EXT 2022"]
[Source "ChessBase"]
[SourceDate "2021.10.06"]
[SourceVersion "1"]
[SourceVersionDate "2021.10.06"]
[SourceQuality "1"]
[WhiteTeam "Lysa nad Labem III"]
[BlackTeam "Ricany"]
[WhiteTeamCountry "CZE"]
[BlackTeamCountry "CZE"]

1. c4 Nf6 2. Nc3 g6 3. g3 Bg7 4. Bg2 0-0 5. e4 d6 6. d3 c5 7. Nge2 Nc6 8. 0-0 a6 9. f4 Rb8 10. Rb1 Bg4 11. h3 Bd7 12. f5 b5 13. g4 bxc4 14. dxc4 Ne5 15. b3 Bc6 16. Bf4 Nfd7 17. Qd2 Re8 18. Ng3 Qa5 19. Nd5 Qa3 20. Bg5 Bxd5 21. cxd5 c4 22. Ne2 cxb3 23. axb3 Rxb3 24. Rxb3 Qxb3 25. Nd4 Qb6 26. fxg6 hxg6 27. Qf2 Qxd4 28. Qxd4 Nf3+ 29. Rxf3 Bxd4+ 30. Kf1 Rb8 31. Rd3 Bc5 32. Ke2 Ne5 33. Rd2 f6 34. Bh4 Nc4 35. Ra2 Rb3 36. Be1 Re3+ 37. Kf1 Rb3 38. Ke2 Re3+ 39. Kf1 Ra3 40. Rxa3 Nxa3 41. Ke2 Kf7 42. Kd3 e6 43. Bf1 Nb5 44. Ba5 Ke7 45. Be2 f5 46. dxe6 fxe4+ 47. Kxe4 Kxe6 48. Bc4+ Kf6 49. h4 Kg7 50. Kd5 Bf2 51. Bd8 Bg3 52. Bd3 Nc3+ 53. Ke6 Be5 1/2-1/2

[Event "Valasska Bystrice op"]
[Site "Valasska Bystrice"]
[Date "2015.09.13"]
[Round "3"]
[White "Skrobak, Petr"]
[Black "Kolasin, Jan"]
[Result "1/2-1/2"]
[WhiteElo "1808"]
[BlackElo "1958"]
[PlyCount "41"]
[EventDate "2015.09.12"]
[EventType "swiss"]
[EventRounds "9"]
[EventCountry "CZE"]
[SourceTitle "EXT 2016"]
[Source "ChessBase"]
[SourceDate "2015.10.08"]
[SourceVersion "1"]
[SourceVersionDate "2015.10.08"]
[SourceQuality "1"]

1. d4 Nf6 2. c4 g6 3. Nc3 Bg7 4. e4 d6 5. Nf3 0-0 6. Be2 e5 7. dxe5 dxe5 8. Qxd8 Rxd8 9. 0-0 Be6 10. Bg5 Nbd7 11. Rfd1 c6 12. h3 h6 13. Bh4 g5 14. Bg3 Nh5 15. Bh2 Nf4 16. Bf1 a5 17. Rd2 Nc5 18. Rad1 Rxd2 19. Rxd2 Kf8 20. Ne1 Ke7 21. Nc2 1/2-1/2

[Event "Valasska Bystrice op"]
[Site "Valasska Bystrice"]
[Date "2015.09.12"]
[Round "1"]
[White "Doskar, Miloslav"]
[Black "Kolasin, Jan"]
[Result "1/2-1/2"]
[WhiteElo "1680"]
[BlackElo "1958"]
[PlyCount "91"]
[EventDate "2015.09.12"]
[EventType "swiss"]
[EventRounds "9"]
[EventCountry "CZE"]
[SourceTitle "EXT 2016"]
[Source "ChessBase"]
[SourceDate "2015.10.08"]
[SourceVersion "1"]
[SourceVersionDate "2015.10.08"]
[SourceQuality "1"]

1. Nf3 Nf6 2. d4 g6 3. g3 Bg7 4. Bg2 0-0 5. 0-0 d6 6. b3 Nbd7 7. Bb2 c6 8. c4 Qa5 9. Nc3 d5 10. cxd5 Nxd5 11. Nxd5 cxd5 12. Qd2 Qb6 13. Rac1 Nf6 14. Qf4 Bg4 15. h3 Bf5 16. Qe3 Be4 17. Ne5 Bxg2 18. Kxg2 Qa6 19. a4 Rac8 20. Ba3 Qe6 21. Rxc8 Rxc8 22. Rc1 Rxc1 23. Qxc1 Ne8 24. Qe3 f6 25. Ng4 Kf7 26. Qxe6+ Kxe6 27. e3 Nd6 28. f3 Nf5 29. Kf2 Kd7 30. Bb2 h5 31. Nh2 e5 32. Nf1 exd4 33. exd4 Kc6 34. g4 hxg4 35. hxg4 Nd6 36. Ne3 Bh6 37. Ke2 b5 38. axb5+ Nxb5 39. Nc2 a5 40. Kd3 Nc7 41. Bc3 Kb6 42. Be1 Bf4 43. Na3 Ne6 44. Nb1 Bc1 45. Nc3 Nf4+ 46. Kc2 1/2-1/2

[Event "Ricany op"]
[Site "Ricany"]
[Date "2015.08.27"]
[Round "7"]
[White "Kolasin, Jan"]
[Black "Cabart, Pavel"]
[Result "1-0"]
[WhiteElo "2001"]
[BlackElo "1704"]
[PlyCount "83"]
[EventDate "2015.08.22"]
[EventType "swiss"]
[EventRounds "9"]
[EventCountry "CZE"]
[SourceTitle "EXT 2023"]
[Source "ChessBase"]
[SourceDate "2022.10.05"]
[SourceVersion "1"]
[SourceVersionDate "2022.10.05"]
[SourceQuality "1"]

1. e4 c5 2. Nf3 Nc6 3. d4 cxd4 4. Nxd4 g6 5. c4 Bg7 6. Be3 Nf6 7. Nc3 Ng4 8. Qxg4 Nxd4 9. Qd1 Ne6 10. Bd3 Qa5 11. 0-0 Bxc3 12. bxc3 Qxc3 13. f4 b6 14. Rc1 Qa5 15. f5 gxf5 16. Rxf5 Qa3 17. Rxf7 Bb7 18. Rf3 Nc5 19. Bb1 0-0-0 20. Bd4 Qb4 21. Bc3 Qa4 22. Bxh8 Rxh8 23. Qxa4 Nxa4 24. Rf7 e6 25. Kf2 h5 26. h4 Nc5 27. Ke3 Rg8 28. Rg1 Rg4 29. Rf4 Rg3+ 30. Rf3 Rg4 31. g3 Nxe4 32. Rf4 Rxg3+ 33. Rxg3 Nxg3 34. Rf8+ Kc7 35. Kf4 Ne2+ 36. Kg5 Nc3 37. Bg6 Ba6 38. Rf3 Ne2 39. Bd3 Nd4 40. Rf7 Kc6 41. Kxh5 d5 42. cxd5+ 1-0

[Event "Ricany op"]
[Site "Ricany"]
[Date "2015.08.23"]
[Round "3"]
[White "Kolasin, Jan"]
[Black "Helebrand, Frantisek"]
[Result "0-1"]
[WhiteElo "2001"]
[BlackElo "1841"]
[PlyCount "82"]
[EventDate "2015.08.22"]
[EventType "swiss"]
[EventRounds "9"]
[EventCountry "CZE"]
[SourceTitle "EXT 2023"]
[Source "ChessBase"]
[SourceDate "2022.10.05"]
[SourceVersion "1"]
[SourceVersionDate "2022.10.05"]
[SourceQuality "1"]

1. e4 e6 2. Nf3 d5 3. e5 Ne7 4. d4 c5 5. c3 Nbc6 6. Bd3 Qb6 7. Bc2 cxd4 8. cxd4 Nf5 9. Bxf5 exf5 10. 0-0 Be7 11. Nc3 Be6 12. a3 0-0 13. b4 Rac8 14. Na4 Qc7 15. Nc5 b6 16. Nxe6 fxe6 17. Bg5 Qd8 18. h4 h6 19. Bxe7 Qxe7 20. Rc1 Rc7 21. Qd3 Rfc8 22. Rc2 Nxe5 23. Rxc7 Nxf3+ 24. Qxf3 Rxc7 25. Re1 Qxh4 26. Qe3 Re7 27. g3 Qf6 28. Qc3 Qf7 29. Qc6 f4 30. Qd6 fxg3 31. fxg3 Qf6 32. Qd8+ Kh7 33. Rf1 Qxd4+ 34. Kg2 Qe4+ 35. Kh3 Qe2 36. Rf8 Qh5+ 37. Kg2 Rf7 38. Rh8+ Kg6 39. Qe8 Qf3+ 40. Kh2 Qf6 41. Rf8 d4 0-1

[Event "Valasska Bystrice op"]
[Site "Valasska Bystrice"]
[Date "2014.09.14"]
[Round "3"]
[White "Divis, Jan"]
[Black "Kolasin, Jan"]
[Result "0-1"]
[WhiteElo "1687"]
[BlackElo "2008"]
[PlyCount "68"]
[EventDate "2014.09.13"]
[EventType "swiss"]
[EventRounds "9"]
[EventCountry "CZE"]
[SourceTitle "CBM 162 Extra"]
[Source "ChessBase"]
[SourceDate "2014.10.17"]
[SourceVersion "1"]
[SourceVersionDate "2014.10.17"]
[SourceQuality "1"]

1. d4 Nf6 2. Bf4 g6 3. e3 Bg7 4. c3 0-0 5. Nd2 d6 6. Ngf3 Nc6 7. Bb5 a6 8. Ba4 b5 9. Bc2 Bb7 10. 0-0 Nh5 11. Bg3 e5 12. d5 Ne7 13. e4 f5 14. Bh4 Nf6 15. Bxf6 Bxf6 16. exf5 gxf5 17. a4 Bxd5 18. axb5 axb5 19. Rxa8 Qxa8 20. Bb3 Kh8 21. Bxd5 Qxd5 22. Qb3 Qd3 23. Rd1 e4 24. Ne1 Qe2 25. Nf1 Rg8 26. Ng3 Qg4 27. h3 Qh4 28. Qxb5 Be5 29. Qd7 e3 30. Nf3 exf2+ 31. Kf1 Qxg3 32. Nxe5 Qxg2+ 33. Ke2 f1Q+ 34. Ke3 f4+ 0-1

[Event "Ricany op-A"]
[Site "Ricany"]
[Date "2014.08.24"]
[Round "2"]
[White "Kubikova, Hana"]
[Black "Kolasin, Jan"]
[Result "1-0"]
[WhiteElo "2172"]
[BlackElo "2008"]
[PlyCount "63"]
[EventDate "2014.08.23"]
[EventType "swiss"]
[EventRounds "9"]
[EventCountry "CZE"]
[SourceTitle "EXT 2015"]
[Source "ChessBase"]
[SourceDate "2014.11.20"]
[SourceVersion "1"]
[SourceVersionDate "2014.11.20"]
[SourceQuality "1"]

1. d4 Nf6 2. Nf3 c5 3. d5 b5 4. c4 d6 5. cxb5 a6 6. Nc3 axb5 7. e4 b4 8. Nb5 Bg4 9. h3 Bh5 10. Bd3 Nbd7 11. g4 Bg6 12. g5 Nxe4 13. Qe2 Qb6 14. Bf4 Rb8 15. Nh4 Ne5 16. Bxe5 Nxf2 17. Nxd6+ exd6 18. Bxg6 dxe5 19. Bxf7+ Kxf7 20. 0-0 Qd6 21. Qxf2+ Ke8 22. Qf7+ Kd8 23. Rae1 Qd7 24. Rxe5 Rb7 25. g6 Bd6 26. Re6 hxg6 27. Qxg6 Be7 28. Nf5 Qxd5 29. Nxe7 Qd4+ 30. Rf2 Qd1+ 31. Kg2 Rh6 32. Nc6+ 1-0

[Event "CZE-chT2F 1314"]
[Site "Czech Republic"]
[Date "2014.01.19"]
[Round "6.47"]
[White "Balazec, Ludovit"]
[Black "Kolasin, Jan"]
[Result "1/2-1/2"]
[WhiteElo "1954"]
[BlackElo "1988"]
[PlyCount "167"]
[EventDate "2013.11.03"]
[EventType "team-tourn"]
[EventRounds "11"]
[EventCountry "CZE"]
[SourceTitle "EXT 2016"]
[Source "ChessBase"]
[SourceDate "2015.10.08"]
[SourceVersion "1"]
[SourceVersionDate "2015.10.08"]
[SourceQuality "1"]
[WhiteTeam "Zlin II"]
[BlackTeam "Prerov II"]
[WhiteTeamCountry "CZE"]
[BlackTeamCountry "CZE"]

1. e4 e6 2. d4 d5 3. Nd2 Nf6 4. e5 Nfd7 5. f4 c5 6. c3 Nc6 7. Ndf3 Qb6 8. g3 cxd4 9. cxd4 Bb4+ 10. Kf2 f6 11. Kg2 0-0 12. Bd3 Kh8 13. Bc2 Be7 14. a3 Qc7 15. h4 b5 16. Be3 f5 17. Ng5 Bxg5 18. hxg5 g6 19. Rc1 Nb6 20. b3 Qd7 21. Nf3 Bb7 22. Ne1 Qe7 23. Nd3 a5 24. Nc5 a4 25. b4 Nc4 26. Qd3 Rf7 27. Rh6 Kg8 28. Rch1 Rc8 29. Bc1 Ba8 30. g4 Nd8 31. Kf2 Rg7 32. Qh3 Rc7 33. gxf5 exf5 34. Bxf5 gxf5 35. g6 Qf8 36. gxh7+ Kh8 37. Rf6 Rcf7 38. Nd7 Qe7 39. Qxf5 Bc6 40. Rxf7 Rxf7 41. Nf6 Rg7 42. Rh6 Qf8 43. Rg6 Bb7 44. Qg4 Nc6 45. Rxg7 Qxg7 46. Qe6 Ne7 47. Qd7 Ng6 48. Qe8+ Nf8 49. Qd8 Qh6 50. Ng4 Qg7 51. f5 Kxh7 52. Qh4+ Kg8 53. Nf6+ Kf7 54. Ng4 Kg8 55. Nf6+ Kf7 56. e6+ Nxe6 57. fxe6+ Kxe6 58. Bg5 Qg6 59. Ng4 Qc2+ 60. Kg3 Qd3+ 61. Kg2 Qe4+ 62. Kg3 Qe1+ 63. Nf2 Qg1+ 64. Kf3 Kd7 65. Qh3+ Kc6 66. Qe6+ Kc7 67. Bf4+ Kd8 68. Qf6+ Ke8 69. Bg5 Qe1 70. Qg6+ Kd7 71. Qf7+ Kc6 72. Qf6+ Kc7 73. Qd8+ Kc6 74. Bf4 Nd2+ 75. Bxd2 Qxd2 76. Qf6+ Kd7 77. Qf7+ Kc6 78. Qe6+ Kc7 79. Qe7+ Kb8 80. Qd6+ Ka7 81. Qc5+ Kb8 82. Qd6+ Ka7 83. Qc5+ Kb8 84. Qd6+ 1/2-1/2

[Event "Ricany op"]
[Site "Ricany"]
[Date "2013.08.27"]
[Round "5"]
[White "Plchot, Miroslav"]
[Black "Kolasin, Jan"]
[Result "0-1"]
[WhiteElo "1887"]
[BlackElo "2038"]
[PlyCount "76"]
[EventDate "2013.08.24"]
[EventType "swiss"]
[EventRounds "9"]
[EventCountry "CZE"]
[SourceTitle "EXT 2022"]
[Source "ChessBase"]
[SourceDate "2021.10.06"]
[SourceVersion "1"]
[SourceVersionDate "2021.10.06"]
[SourceQuality "1"]

1. c4 g6 2. Nc3 Bg7 3. g3 Nf6 4. Bg2 0-0 5. e3 d6 6. Nge2 Nc6 7. 0-0 e5 8. d4 Re8 9. d5 Ne7 10. e4 Nd7 11. f4 f5 12. Bd2 Nc5 13. fxe5 Bxe5 14. Bg5 fxe4 15. b4 Bg4 16. h3 Bxc3 17. hxg4 Bxb4 18. Bh6 Nc8 19. Rb1 Ba5 20. Qd4 Qe7 21. Rf6 Bb6 22. Rxb6 Nxb6 23. g5 Qe5 24. Qf2 Nd3 25. Qf1 Nxc4 26. Bh3 Nd2 27. Be6+ Kh8 28. Qd1 Nf3+ 29. Kg2 Nxg5 30. Qf1 Ne1+ 31. Qxe1 Qxf6 32. Qd2 Nxe6 33. dxe6 Rxe6 34. Be3 Qf3+ 35. Kh2 Rf8 36. Nf4 Re7 37. Qd4+ Re5 38. Qd2 Rxf4 0-1

[Event "CZE-chT1E 1213"]
[Site "Czech Republic"]
[Date "2013.04.21"]
[Round "11.6"]
[White "Beil, Zdenek"]
[Black "Kolasin, Jan"]
[Result "1-0"]
[WhiteElo "2253"]
[BlackElo "2001"]
[PlyCount "91"]
[EventDate "2012.10.21"]
[EventType "team-tourn"]
[EventRounds "11"]
[EventCountry "CZE"]
[SourceTitle "EXT 2014"]
[Source "ChessBase"]
[SourceDate "2013.11.20"]
[SourceVersion "1"]
[SourceVersionDate "2013.11.20"]
[SourceQuality "1"]
[WhiteTeam "Litovel II"]
[BlackTeam "Grygov II"]
[WhiteTeamCountry "CZE"]
[BlackTeamCountry "CZE"]

1. d4 Nf6 2. Nf3 g6 3. c4 Bg7 4. g3 0-0 5. Bg2 d6 6. 0-0 Nbd7 7. Nc3 e5 8. e4 c6 9. Re1 Qc7 10. h3 Re8 11. Be3 h6 12. Qc2 Nf8 13. Rad1 g5 14. dxe5 dxe5 15. Bc5 Ng6 16. Bd6 Qa5 17. b4 Qa6 18. b5 Qa5 19. Nd2 Bd7 20. Nb3 Qd8 21. bxc6 bxc6 22. Na4 Qc8 23. Kh2 Bf8 24. Nac5 Rd8 25. Bxf8 Nxf8 26. Rd6 Ne8 27. Rd3 Be6 28. Red1 Qc7 29. Qd2 Rxd3 30. Qxd3 Nf6 31. Bf1 Ne8 32. a4 f6 33. a5 Bf7 34. a6 Qb6 35. Kg1 Ne6 36. Qe3 Nd4 37. Nxd4 Qxc5 38. Nf5 Qxe3 39. fxe3 Kf8 40. c5 h5 41. Rd7 Be6 42. Rb7 Bc8 43. Rh7 Kg8 44. Re7 Kf8 45. Bc4 Bxf5 46. Rf7+ 1-0

[Event "CZE-chT1E 1213"]
[Site "Czech Republic"]
[Date "2013.03.17"]
[Round "9.7"]
[White "Kolasin, Jan"]
[Black "Gibiec, Ernest"]
[Result "1-0"]
[WhiteElo "2001"]
[BlackElo "2229"]
[PlyCount "71"]
[EventDate "2012.10.21"]
[EventType "team-tourn"]
[EventRounds "11"]
[EventCountry "CZE"]
[SourceTitle "EXT 2014"]
[Source "ChessBase"]
[SourceDate "2013.11.20"]
[SourceVersion "1"]
[SourceVersionDate "2013.11.20"]
[SourceQuality "1"]
[WhiteTeam "Grygov II"]
[BlackTeam "Karvina"]
[WhiteTeamCountry "CZE"]
[BlackTeamCountry "CZE"]

1. e4 d6 2. d4 g6 3. Be3 Bg7 4. Nc3 Nd7 5. Qd2 c6 6. f3 Ngf6 7. 0-0-0 Qa5 8. Bh6 Bxh6 9. Qxh6 b5 10. Kb1 b4 11. Nce2 Ba6 12. Nc1 Bxf1 13. Rxf1 c5 14. dxc5 Nxc5 15. Nge2 Qb6 16. Nf4 Na4 17. Nb3 a5 18. e5 dxe5 19. Nd3 Nd5 20. Nxe5 Nac3+ 21. bxc3 a4 22. Qg7 Nxc3+ 23. Kb2 0-0-0 24. Nc4 Qe6 25. Nba5 Rhg8 26. Qe5 Qxe5 27. Nxe5 Rd5 28. Nac6 Re8 29. Nxb4 Rxe5 30. Kxc3 Re2 31. Rhg1 Kb7 32. Rd1 Rc8+ 33. Kd3 Re5 34. Rge1 Rxe1 35. Rxe1 e6 36. Re4 1-0

[Event "CZE-chT1E 1213"]
[Site "Czech Republic"]
[Date "2012.11.11"]
[Round "2.6"]
[White "Novosadova, Kristyna"]
[Black "Kolasin, Jan"]
[Result "1-0"]
[WhiteElo "2158"]
[BlackElo "2001"]
[PlyCount "43"]
[EventDate "2012.10.21"]
[EventType "team-tourn"]
[EventRounds "11"]
[EventCountry "CZE"]
[SourceTitle "CBM 151 Extra"]
[Source "ChessBase"]
[SourceDate "2012.12.18"]
[SourceVersion "1"]
[SourceVersionDate "2012.12.18"]
[SourceQuality "1"]
[WhiteTeam "Beskydy Chess School II"]
[BlackTeam "Grygov II"]
[WhiteTeamCountry "CZE"]
[BlackTeamCountry "CZE"]

1. e4 e6 2. d4 d5 3. Nc3 Bb4 4. e5 c5 5. a3 Bxc3+ 6. bxc3 Ne7 7. Qg4 0-0 8. Bd3 Nbc6 9. Nf3 Nf5 10. 0-0 Qb6 11. Bg5 cxd4 12. Bf6 Nce7 13. Bxe7 Nxe7 14. Bxh7+ Kxh7 15. Qh5+ Kg8 16. Ng5 Rd8 17. Qxf7+ Kh8 18. Qxe7 Bd7 19. Rab1 Qc7 20. Nf7+ Kg8 21. Nxd8 Rxd8 22. Rxb7 1-0